| 000 | 00679cab a2200265 4500 | ||
|---|---|---|---|
| 001 | ABS60348 | ||
| 008 | 090401t1999 xxu||||| |||| 00| 0 eng d | ||
| 035 | _a(Sirsi) u92549 | ||
| 041 | _aeng | ||
| 100 | _aDewar, D. | ||
| 245 | _aDraft revision of PPG3: Housing | ||
| 260 | _c1999 | ||
| 350 | _a0 | ||
| 490 |
_aPlanning (for the Natural and Built Environment) _v(1312) 2 April 1999, 7(1) |
||
| 650 | _aBROWNFIELD SITES | ||
| 650 | _aDRAFT PPG3 | ||
| 650 | _aHOUSE BUILDING | ||
| 650 | _aHOUSING DEVELOPMENT | ||
| 650 | _aNEW HOUSES | ||
| 650 | _aPLANNING POLICY | ||
| 650 | _aPPG3 | ||
| 690 | _aPLANNING LAW AND PRACTICE | ||
| 942 | _n0 | ||
| 948 | _c06/04/1999 | ||
| 999 |
_c58666 _d58666 |
||